Strength of Materials (Record no. 6164)

000 -LEADER
fixed length control field 00468nam a22001937a 4500
001 - CONTROL NUMBER
control field 6164
003 - CONTROL NUMBER IDENTIFIER
control field BD-DhUET
008 - FIXED-LENGTH DATA ELEMENTS--GENERAL INFORMATION
fixed length control field 141130b xxu||||| |||| 00| 0 eng d
040 ## - CATALOGING SOURCE
Original cataloging agency DLC
Transcribing agency DLC
Modifying agency BD-DhUET
082 ## - DEWEY DECIMAL CLASSIFICATION NUMBER
Classification number 620.11
Item number KHU/1984
100 ## - MAIN ENTRY--PERSONAL NAME
Personal name Khurmi, R. S.
245 ## - TITLE STATEMENT
Title Strength of Materials
250 ## - EDITION STATEMENT
Edition statement 14th ed.
260 ## - PUBLICATION, DISTRIBUTION, ETC. (IMPRINT)
Place of publication, distribution, etc. New Delhi
Name of publisher, distributor, etc. S. Chand
Date of publication, distribution, etc. 1984
300 ## - PHYSICAL DESCRIPTION
Extent vi, 991 p.
Other physical details ill.
650 #0 - SUBJECT ADDED ENTRY--TOPICAL TERM
Topical term or geographic name as entry element Strength of materials
700 ## - ADDED ENTRY--PERSONAL NAME
Personal name Lal, Jagdish
942 ## - ADDED ENTRY ELEMENTS (KOHA)
Koha item type General Book
Holdings
Piece designation (barcode) Sublocation or collection (holding branch) Koha normalized classification for sorting Damaged status Location (home branch) Date acquired Withdrawn status Koha item type Price effective from Copy number Shelving location Source of classification or shelving scheme Not for loan Koha date last seen Koha full call number Lost status
58300Central Library, BUET620_110000000000000_KHU_1984 Central Library, BUET2014-11-30 General Book2014-11-301Circulation section  2014-11-30620.11/KHU/1984 
58299Central Library, BUET620_110000000000000_KHU_1984 Central Library, BUET2014-12-04 General Book2014-12-042Circulation section  2014-12-04620.11/KHU/1984 
58304Central Library, BUET620_110000000000000_KHU_1984 Central Library, BUET2014-12-04 General Book2014-12-043Circulation section  2017-01-25620.11/KHU/1984 
58293Central Library, BUET620_110000000000000_KHU_1984 Central Library, BUET2014-12-06 General Book2014-12-064Circulation section  2014-12-06620.11/KHU/1984 
39805Central Library, BUET620_110000000000000_KHU_1984 Central Library, BUET2014-12-06 General Book2014-12-065Circulation section  2014-12-06620.11/KHU/1984 
58305Central Library, BUET620_110000000000000_KHU_1984 Central Library, BUET2015-04-30 General Book2015-04-306Circulation section  2015-04-30620.11/KHU/1984 
58303Central Library, BUET620_110000000000000_KHU_1984 Central Library, BUET2015-04-30 General Book2015-04-307Circulation section  2015-04-30620.11/KHU/1984 
58306Central Library, BUET620_110000000000000_KHU_1984 Central Library, BUET2015-06-20 Reading Item2015-06-208Reading section  2015-06-20620.11/KHU/1984 
58297Central Library, BUET620_110000000000000_KHU_1984 Central Library, BUET2015-06-28 Reading Item2015-06-2811Reading section  2015-06-28620.11/KHU/1984 
58298Central Library, BUET620_110000000000000_KHU_1984 Central Library, BUET2015-06-28 Reading Item2015-06-2810Reading section  2015-06-28620.11/KHU/1984 
58301Central Library, BUET620_110000000000000_KHU_1984 Central Library, BUET2015-06-28 Reading Item2015-06-2811Reading section  2015-06-28620.11/KHU/1984 
58296Central Library, BUET620_110000000000000_KHU_1984 Central Library, BUET2015-06-30 Reading Item2015-06-3012Reading section  2015-06-30620.11/KHU/1984 
58295Central Library, BUET620_110000000000000_KHU_1984 Central Library, BUET2015-06-30 Reading Item2015-06-3013Reading section  2015-06-30620.11/KHU/1984 
58302Central Library, BUET620_110000000000000_KHU_1984 Central Library, BUET2015-07-02 Reading Item2015-07-0214Reading section  2015-07-02620.11/KHU/1984